The situation in Asia.

সংরক্ষণ করুন:
গ্রন্থ-পঞ্জীর বিবরন
প্রধান লেখক: Lattimore, Owen
বিন্যাস: গ্রন্থ
ভাষা:Undetermined
প্রকাশিত: Boston Little, Brown 1949
বিষয়গুলি:
ট্যাগগুলো: ট্যাগ যুক্ত করুন
কোনো ট্যাগ নেই, প্রথমজন হিসাবে ট্যাগ করুন!
Thư viện lưu trữ: Trung tâm Học liệu Trường Đại học Cần Thơ
LEADER 00513nam a2200193Ia 4500
001 CTU_89347
008 210402s9999 xx 000 0 und d
082 |a 950 
082 |b L356 
100 |a Lattimore, Owen 
245 4 |a The situation in Asia. 
245 0 |c Owen Lattimore 
260 |a Boston 
260 |b Little, Brown 
260 |c 1949 
650 |a Eastern question (far east),Asia 
650 |x Politics and government. 
904 |i Năm 
980 |a Trung tâm Học liệu Trường Đại học Cần Thơ